Score 0/17 Timer 02:00
0 Plays Today
Hint 4-Letter Word % Correct
Star Wars character: ____ SkywalkerLUKE
97.5%
2003 movie: ''Bend it ____ Beckham''LIKE
95.6%
Small insects that can infect one's scalpLICE
94.5%
•College Nickname: Blue Devils••DUKE•
94.2%
Carried out or completedDONE
93.4%
A mound of sand commonly found in the desertDUNE
92.7%
Atoms or molecules with an electric chargeIONS
86.5%
Baseball players Mattingly and DrysdaleDONS
84.7%
In baseball, an illegal move by a pitcherBALK
80.8%
Hint 4-Letter Word % Correct
A bundle of paper, hay, or cottonBALE
79.7%
•College Nickname: Hawkeyes••IOWA•
76.5%
•College Nickname: Owls••RICE•
74.4%
A swimming stroke (short form)BACK
71.9%
Sports players ____ Barry or ____ AdelmanRICK
69.9%
•College Nickname: Gaels••IONA•
68.8%
•College Nickname: Bulldogs••YALE•
68.1%
A shelf-like framework normally made of metalRACK
65.3%

Today's Daily Dose

Missing Word
'T' Pairs

Word Ladder
Game Pieces

Get the Picture
Baseball Movies

Remove Ads.
Support Sporcle.
Get the best of Sporcle when you Go Orange. This ad-free experience offers more features, more stats, and more fun while also helping to support Sporcle. Thank you for becoming a member.

You're not logged in!

Compare scores with friends on all Sporcle quizzes.
OR
Log In

Show Comments

Extras

Top Quizzes Today


Score Distribution

Your Account Isn't Verified!

In order to create a playlist on Sporcle, you need to verify the email address you used during registration. Go to your Sporcle Settings to finish the process.

Report this User

Report this user for behavior that violates our Community Guidelines.

Details: